Evangelio, mensaje de felicidad : / traductor P. Hermenegildo Zanuso

Kaydedildi:
Detaylı Bibliyografya
Diğer Yazarlar: I. Zanuso, Hermengildo, trad. (autor) (autor)
Materyal Türü: Kitap
Konular:
Etiketler: Etiketle
Etiket eklenmemiş, İlk siz ekleyin!

MARC

LEADER 00000nam^a2200000^u^4500
001 000544389
005 20250521000000.0
008 060220s1000^^^^^^^^^^^^r^^^^^000^0^spa^d
009 20260310131326.92
035 |a FMI 000013557 
037 |a Acervo Xavier Clavigero 
096 |a 1.1/14/C 
245 0 0 |a Evangelio, mensaje de felicidad : / traductor P. Hermenegildo Zanuso 
264 |a México : Ediciones Combonianas, 1969 
300 |a 299 p. : fots. 
336 |a texto  |b txt  |2 rdacontenido 
337 |a sin mediación  |b n  |2 rdamedio 
338 |a volumen  |b nc  |2 rdasoporte 
597 |a "Los cuatro Evangelios unificados en un lenguaje popular y actual" 
649 |a XX 
650 |a BIBLIAS 2. SAGRADA ESCRITURA 
700 |a I. Zanuso, Hermengildo, trad.  |e (autor) 
910 |a Fondo Francisco Migoya Covarrubias S.J. 
920 |a Impresos - Libros 
930 |a Fondos Especiales 
905 |a 134 
901 |a SBC21064  |b IT2  |c ESP  |u 20250521 
902 |a https://opac.biblio.iteso.mx/vufind/Record/000544389